000 00323nam a22001337a 4500
008 181219b xxu||||| |||| 00| 0 eng d
020 _a0064300641
041 _aeng
080 _a720
100 _a41
101 _aARK
245 _aAge of the Masters A Personal View of Modern Architecture
_cBanham,R
942 _2udc
_cBK
999 _c53525
_d53525